LEADER 00931nam0-2200325---450- 001 990009577730403321 005 20120522152252.0 010 $a0-521-52328-1 035 $a000957773 035 $aFED01000957773 035 $a(Aleph)000957773FED01 035 $a000957773 100 $a20120522d2002----km-y0itay50------ba 101 0 $aeng 102 $aGB 105 $ay-------001yy 200 1 $aBengal divided$eHindu communalism and partition, 1932-1947$fJoya Chatterji 210 $aCambridge$cCambridge University Press$d2002 215 $axvii, 303 p.$d24 cm 225 1 $aCambridge South Asian studies$v57 610 0 $aIndia$aStoria 676 $a954.140359$v20$zita 700 1$aChatterji,$bJoya$0516359 801 0$aIT$bUNINA$gREICAT$2UNIMARC 901 $aBK 912 $a990009577730403321 952 $aCollez. 2262 (57)$b48999$fFSPBC 959 $aFSPBC 996 $aBengal divided$9846773 997 $aUNINA